| 000 | 007420000a22002050004500 | ||
|---|---|---|---|
| 003 | LK-CoMWRAF | ||
| 005 | 20230828122158.0 | ||
| 008 | 230817t2001 ||||| |||| 00| 0 eng d | ||
| 020 | _a9559102435 | ||
| 040 |
_aLK-CoMWRAF _dLK-CoMWRAF _eLK-CoMWRAF |
||
| 041 | _aeng | ||
| 082 |
_a330.95493 _bSHA |
||
| 100 | _aShanmugaratnam, N | ||
| 245 |
_aForced Migration and Changing Local Political Economies: _bA Study from North-Western Sri Lanka |
||
| 260 |
_aColombo: _bSocial Scientists Association, _c2001 |
||
| 300 |
_aix, 67 p. _bBibliography included |
||
| 650 | _aFORCED MIGRATION-Sri Lanka | ||
| 856 | _uhttps://nmbu.brage.unit.no/nmbu-xmlui/bitstream/handle/11250/2671202/Noragric%20WP%2022%202000.pdf?sequence=1&isAllowed=y | ||
| 942 | _cBK | ||
| 999 |
_c279 _d279 |
||